| 000 | 00367nam a22001337a 4500 | ||
|---|---|---|---|
| 020 | _a9788126159840 | ||
| 082 |
_a664.03 _bCHO/FO |
||
| 100 |
_aChoudhary,Ashk Kumar _91200 |
||
| 245 | _aFood Analysis | ||
| 260 |
_aNew Delhi _bAnmol Publications Pvt. Ltd. _c2014 |
||
| 300 | _a248 | ||
| 490 | _aEncyclopaedia of Agricultural Science and Engineering Series | ||
| 942 | _cBK | ||
| 999 |
_c14680 _d14680 |
||